[Event "I Weekend A"]
[Site "Novara ITA"]
[Date "2011.11.06"]
[Round "4"]
[White "Valsecchi, Alessio"]
[Black "Inkiov, Ventzislav V."]
[Result "0-1"]
[WhiteElo "2376"]
[BlackElo "2456"]
[PlyCount "164"]
[EventDate "2011.11.04"]

1. d4 Nf6 2. c4 e6 3. g3 c5 4. d5 exd5 5. cxd5 d6 6. Nc3 g6 7. Bg2 Bg7 8. Nf3
O-O 9. O-O Re8 10. Nd2 a6 11. a4 Nbd7 12. h3 Rb8 13. Nc4 Nb6 14. Na3 Bd7 15. a5
Nc8 16. Nc4 Bb5 17. Qb3 Na7 18. Re1 Bxc4 19. Qxc4 Qd7 20. Bd2 Nb5 21. e3 b6 22.
axb6 Rxb6 23. Na4 Rbb8 24. Rad1 Qe7 25. e4 Nd7 26. f4 h5 27. Bc3 Bd4+ 28. Kh1
h4 29. g4 g5 30. e5 dxe5 31. fxg5 Nd6 32. Qe2 Qxg5 33. Qxa6 Qg6 34. Qc6 Re7 35.
Ba5 Rc8 36. Bc7 Nf8 37. Qxd6 Rexc7 38. Qxg6+ Nxg6 39. d6 Ra7 40. Nb6 Rd8 41.
Nc4 Ra4 42. Bf1 Rb4 43. Bd3 Nf4 44. Nxe5 Rxd6 45. Nf3 Nxh3 46. Re8+ Kg7 47.
Nxh4 Rf6 48. Rd2 Nf2+ 49. Kg2 Nxg4 50. Nf5+ Rxf5 51. Bxf5 Ne3+ 52. Rxe3 Bxe3
53. Rc2 Bd4 54. Bd3 Rxb2 55. Rxb2 Bxb2 56. Kf3 Bd4 57. Kg4 Kf6 58. Bc4 Ke7 59.
Kf5 f6 60. Ke4 Kd6 61. Kf5 Kc6 62. Ke6 Kb6 63. Bd3 Ka5 64. Kd5 Kb4 65. Bf5 Ba1
66. Bd3 Bb2 67. Bf1 f5 68. Be2 f4 69. Ke4 Bc1 70. Kd5 Be3 71. Bf1 Kc3 72. Ke4
Bd2 73. Be2 Kb3 74. Bd1+ Kb4 75. Kd3 Be3 76. Bf3 c4+ 77. Kc2 Bd4 78. Be2 Be5
79. Bf3 Kc5 80. Be2 Kd4 81. Bf1 Bc7 82. Be2 Ba5 0-1

[Event "I Weekend A"]
[Site "Novara ITA"]
[Date "2011.11.06"]
[Round "5"]
[White "Aghayev, Miragha"]
[Black "Rovedi, Mauro"]
[Result "1/2-1/2"]
[WhiteElo "2141"]
[BlackElo "2033"]
[PlyCount "78"]
[EventDate "2011.11.04"]

1. e4 e6 2. d4 d5 3. Nd2 dxe4 4. Nxe4 Bd7 5. Nf3 Bc6 6. Bd3 Nd7 7. O-O Ngf6 8.
Ng3 Bxf3 9. Qxf3 c6 10. b3 Qa5 11. a3 Be7 12. Bb2 O-O 13. c4 Qd2 14. Bc3 Qg5
15. Qe2 Bd6 16. Ne4 Nxe4 17. Qxe4 Nf6 18. Qf3 Qh4 19. g3 Qh3 20. b4 Ng4 21. Qg2
Qxg2+ 22. Kxg2 e5 23. Be2 exd4 24. Bxd4 Be5 25. Rad1 Bxd4 26. Rxd4 Nf6 27. Rfd1
Rfe8 28. Bf3 Rac8 29. c5 Kf8 30. g4 g5 31. Rd6 Re6 32. h4 h6 33. Rxe6 fxe6 34.
hxg5 hxg5 35. Re1 Kf7 36. Re5 Rg8 37. a4 Nd5 38. b5 Kf6 39. Re1 Rc8 1/2-1/2

[Event "I Weekend A"]
[Site "Novara ITA"]
[Date "2011.11.06"]
[Round "5"]
[White "Angelini, Marco"]
[Black "Vezzosi, Paolo"]
[Result "1-0"]
[WhiteElo "2173"]
[BlackElo "2321"]
[PlyCount "47"]
[EventDate "2011.11.04"]

1. e4 c5 2. Nf3 Nc6 3. d4 cxd4 4. Nxd4 Qb6 5. Nb3 Nf6 6. Nc3 e6 7. g3 a6 8. Bg2
Be7 9. O-O d6 10. a4 Qc7 11. f4 Rb8 12. Qe2 b6 13. g4 Nd7 14. g5 Nc5 15. f5
Nxb3 16. cxb3 Ne5 17. Be3 Qb7 18. h4 Bd7 19. Bd4 Bd8 20. Bh3 exf5 21. exf5 O-O
22. Bg2 Bc6 23. f6 gxf6 24. Ne4 1-0

[Event "I Weekend A"]
[Site "Novara ITA"]
[Date "2011.11.06"]
[Round "5"]
[White "Bargeri, Ludovico"]
[Black "Ranieri, Fabrizio"]
[Result "0-1"]
[WhiteElo "1909"]
[BlackElo "2282"]
[PlyCount "62"]
[EventDate "2011.11.04"]

1. d4 e6 2. c4 d5 3. Nf3 c6 4. e3 Nf6 5. b3 Nbd7 6. Bb2 Bd6 7. Bd3 O-O 8. Nbd2
b6 9. Ne5 Bb7 10. O-O c5 11. f4 Rc8 12. Qf3 cxd4 13. exd4 dxc4 14. Qxb7 cxd3
15. Ndc4 Bxe5 16. fxe5 Nd5 17. Ba3 Rc7 18. Qa6 Nb8 19. Qa4 Nc3 20. Qb4 Qxd4+
21. Kh1 Rd8 22. Bb2 Nd5 23. Qd6 Rxd6 24. exd6 Rxc4 25. Bxd4 Rxd4 26. Rac1 h6
27. Rc8+ Kh7 28. Rxb8 Ne3 29. Rb1 d2 30. Kg1 Rxd6 31. Rb7 a5 0-1

[Event "I Weekend A"]
[Site "Novara ITA"]
[Date "2011.11.06"]
[Round "5"]
[White "Castrogiovanni, Carlo"]
[Black "Topczewski, Damian"]
[Result "0-1"]
[WhiteElo "2027"]
[BlackElo "2214"]
[PlyCount "38"]
[EventDate "2011.11.04"]

1. d4 Nf6 2. c4 g6 3. Nc3 Bg7 4. e4 d6 5. Be2 O-O 6. Bg5 Nbd7 7. Qd2 e5 8. d5
a5 9. Bh6 Nc5 10. f3 Nfxe4 11. Nxe4 Nxe4 12. fxe4 Qh4+ 13. g3 Qxh6 14. O-O-O f5
15. Bd3 fxe4 16. Bxe4 Bg4 17. Re1 Rf2 18. Qxh6 Bxh6+ 19. Kb1 Bd2 0-1

[Event "I Weekend A"]
[Site "Novara ITA"]
[Date "2011.11.06"]
[Round "5"]
[White "Di Lascio, Savino"]
[Black "Sbarra, Marco"]
[Result "0-1"]
[WhiteElo "2015"]
[BlackElo "2245"]
[PlyCount "60"]
[EventDate "2011.11.04"]

1. e4 c5 2. Nf3 Nc6 3. Bb5 e6 4. O-O Nge7 5. c3 d5 6. Re1 a6 7. Bxc6+ Nxc6 8.
d4 dxe4 9. Rxe4 Be7 10. h3 O-O 11. Bf4 Bf6 12. Na3 cxd4 13. cxd4 b5 14. Nc2 Bb7
15. Re2 Ne7 16. Rd2 Ng6 17. Bg3 Qb6 18. Ne3 Bxf3 19. gxf3 Bg5 20. Rd3 Rfd8 21.
Rc1 Rd7 22. Rc5 h6 23. Qc1 Qd8 24. Rdc3 Qf6 25. Rc8+ Rxc8 26. Rxc8+ Kh7 27. Qc6
Qxd4 28. Ng4 Bh4 29. Bxh4 Nxh4 30. Ne5 Qxe5 0-1

[Event "I Weekend A"]
[Site "Novara ITA"]
[Date "2011.11.06"]
[Round "5"]
[White "Esposito, Luca"]
[Black "Boschetti, Claudio"]
[Result "1-0"]
[WhiteElo "2234"]
[BlackElo "2110"]
[PlyCount "83"]
[EventDate "2011.11.04"]

1. Nf3 b5 2. g3 Bb7 3. Bg2 Nf6 4. O-O c5 5. d3 d6 6. a4 b4 7. e4 Nc6 8. Re1 e5
9. Nbd2 Be7 10. Nc4 a5 11. Nh4 g6 12. Bh6 Bc8 13. h3 Be6 14. Nf3 Nd7 15. Nfd2
g5 16. f4 gxf4 17. gxf4 Rg8 18. f5 Bxc4 19. Nxc4 Nf6 20. Kh1 Kd7 21. c3 Kc7 22.
Qf3 Bf8 23. Be3 h5 24. d4 Be7 25. dxc5 dxc5 26. Rad1 Qf8 27. Rd5 Qg7 28. Red1
Rad8 29. Rxd8 Rxd8 30. Rxd8 Kxd8 31. Nb6 Ke8 32. Nd5 h4 33. Nxe7 Nxe7 34. Bxc5
Qg5 35. Be3 Qg8 36. cxb4 axb4 37. a5 Nc6 38. a6 Kd7 39. Qd1+ Kc7 40. Bc5 Qd8
41. Qxd8+ Nxd8 42. a7 1-0

[Event "I Weekend A"]
[Site "Novara ITA"]
[Date "2011.11.06"]
[Round "5"]
[White "Faraoni, Enrico"]
[Black "Naumkin, Igor"]
[Result "1/2-1/2"]
[WhiteElo "2109"]
[BlackElo "2432"]
[PlyCount "100"]
[EventDate "2011.11.04"]

1. e4 e6 2. d4 d5 3. Bd3 dxe4 4. Bxe4 Nf6 5. Bd3 Nbd7 6. Nf3 c5 7. c3 cxd4 8.
cxd4 Be7 9. O-O O-O 10. Nc3 Nb6 11. Qe2 Bd7 12. Rd1 Bc6 13. Ne5 Nbd5 14. a3 Rc8
15. Bg5 Nxc3 16. bxc3 Qd5 17. f4 Ba4 18. Bc4 Rxc4 19. Nxc4 Bb5 20. Re1 Bxc4 21.
Qc2 h6 22. Re5 hxg5 23. fxg5 Qxe5 24. dxe5 Bc5+ 25. Kh1 Ng4 26. h3 Ne3 27. Qf2
b6 28. Re1 Nf5 29. Qf4 Bd5 30. Kh2 a5 31. a4 Bc6 32. h4 g6 33. Re2 Re8 34. Kh3
Rd8 35. Rd2 Rc8 36. Rd3 Ne7 37. c4 Bxa4 38. g4 Be8 39. Qf6 Nc6 40. Rd6 Bd4 41.
Rxe6 Bd7 42. Rxc6 Bxc6 43. h5 gxh5 44. g6 hxg4+ 45. Kg3 Be8 46. gxf7+ Bxf7 47.
Qg5+ Kf8 48. Qh6+ Kg8 49. Qg5+ Kf8 50. Qh6+ Kg8 1/2-1/2

[Event "I Weekend A"]
[Site "Novara ITA"]
[Date "2011.11.06"]
[Round "5"]
[White "Gagliardi, Christian"]
[Black "Monticone, Sonia"]
[Result "1-0"]
[WhiteElo "2261"]
[BlackElo "1849"]
[PlyCount "83"]
[EventDate "2011.11.04"]

1. e4 c5 2. Nc3 e6 3. Nf3 a6 4. d4 cxd4 5. Nxd4 Qc7 6. Be2 Nf6 7. O-O Be7 8. f4
d6 9. a4 Nbd7 10. a5 b5 11. axb6 Qxb6 12. Kh1 Bb7 13. Bf3 O-O 14. Nb3 Rfd8 15.
Na5 Nc5 16. Nxb7 Nxb7 17. Qe2 e5 18. Ra2 Nc5 19. Be3 Qb8 20. Qf2 Qc7 21. Qd2
Qc8 22. Nd5 Nxd5 23. exd5 e4 24. Be2 f5 25. b4 Nd7 26. c4 Nf6 27. Rfa1 Ng4 28.
Bb6 Bf6 29. Rc1 Re8 30. Bxg4 fxg4 31. Be3 Qf5 32. c5 Qh5 33. c6 Bh4 34. Kg1 Bf6
35. c7 Qf5 36. Rc6 Qd7 37. Qc2 Rec8 38. Qc4 h5 39. Bb6 Qf5 40. Be3 Qd7 41. Re2
Be7 42. Bb6 1-0

[Event "I Weekend A"]
[Site "Novara ITA"]
[Date "2011.11.06"]
[Round "5"]
[White "Inkiov, Ventzislav V."]
[Black "Salvador, Roland"]
[Result "1/2-1/2"]
[WhiteElo "2456"]
[BlackElo "2500"]
[PlyCount "84"]
[EventDate "2011.11.04"]

1. d4 Nf6 2. c4 c6 3. Nc3 d5 4. cxd5 cxd5 5. Bf4 Nc6 6. e3 Bg4 7. Qb3 Na5 8.
Bb5+ Bd7 9. Qa4 Nc6 10. Nf3 a6 11. Bxc6 Bxc6 12. Qb3 e6 13. O-O Bd6 14. Bxd6
Qxd6 15. Ne5 O-O 16. Rac1 Rfc8 17. Rc2 Be8 18. Rfc1 Rc7 19. Na4 Bxa4 20. Qxa4
Rac8 21. f3 g6 22. Kf2 Kg7 23. Rc3 Qb6 24. Qa3 Rxc3 25. Rxc3 Rxc3 26. bxc3 Qc7
27. Qc5 Qd8 28. Qb4 Qc7 29. a4 b6 30. g4 h6 31. h4 Ne8 32. g5 h5 33. e4 Nd6 34.
Ke3 a5 35. Qb3 Kg8 36. exd5 exd5 37. Qxd5 Qxc3+ 38. Kf2 Qd2+ 39. Kf1 Qd1+ 40.
Kf2 Qd2+ 41. Kf1 Qd1+ 42. Kf2 Qd2+ 1/2-1/2

[Event "I Weekend A"]
[Site "Novara ITA"]
[Date "2011.11.06"]
[Round "5"]
[White "Medici, Simone"]
[Black "Finocchiaro, Gianluca"]
[Result "1/2-1/2"]
[WhiteElo "2090"]
[BlackElo "2077"]
[PlyCount "124"]
[EventDate "2011.11.04"]

1. d4 Nf6 2. c4 c5 3. d5 b5 4. a4 b4 5. Nd2 d6 6. e4 g6 7. b3 Bg7 8. Bb2 O-O 9.
f4 e6 10. Qc2 exd5 11. cxd5 Re8 12. O-O-O Ng4 13. Nc4 Bxb2+ 14. Kxb2 Qf6+ 15.
e5 dxe5 16. fxe5 Nxe5 17. Ka2 Nxc4 18. Bxc4 Bf5 19. Qb2 Qxb2+ 20. Kxb2 Nd7 21.
Nf3 Bg4 22. Rhe1 Kf8 23. d6 Bxf3 24. gxf3 Rxe1 25. Rxe1 Re8 26. Rd1 Re3 27. Bb5
Ke8 28. Rd5 Kd8 29. f4 Rf3 30. Rd2 Rxf4 31. Re2 Rd4 32. Re7 Rxd6 33. Rxf7 h5
34. Rg7 Kc7 35. Kc2 Kd8 36. Rg8+ Kc7 37. Rg7 a6 38. Bxd7 Rxd7 39. Rxg6 Rf7 40.
Rxa6 Rf2+ 41. Kd3 Rxh2 42. Kc4 Rc2+ 43. Kb5 Rc3 44. Rh6 Rxb3 45. Kxc5 Rb1 46.
Rh7+ Kc8 47. Rxh5 b3 48. Kb4 b2 49. Rh2 Kb7 50. Kb3 Kb6 51. Rh6+ Ka5 52. Rh5+
Ka6 53. Rh4 Ka5 54. Rh8 Ka6 55. Ra8+ Kb7 56. Ra5 Kb6 57. Rb5+ Ka6 58. Rb4 Ka5
59. Rb8 Ka6 60. Rb4 Ka5 61. Rh4 Ra1 62. Kxb2 Rxa4 1/2-1/2

[Event "I Weekend A"]
[Site "Novara ITA"]
[Date "2011.11.06"]
[Round "5"]
[White "Moroni, Luca jr"]
[Black "Bisi, Samuele"]
[Result "1-0"]
[WhiteElo "2030"]
[BlackElo "2026"]
[PlyCount "59"]
[EventDate "2011.11.04"]

1. e4 e5 2. Nf3 Nc6 3. d4 exd4 4. Bc4 Nf6 5. e5 d5 6. Bb5 Ne4 7. Nxd4 Bc5 8.
O-O Bd7 9. Bxc6 bxc6 10. Be3 O-O 11. f3 Ng5 12. f4 Ne4 13. Nd2 Nxd2 14. Qxd2
Qe7 15. c3 f6 16. b4 fxe5 17. bxc5 exd4 18. Bxd4 Bf5 19. Rae1 Be4 20. f5 Qh4
21. Rf4 Qg5 22. h4 Qh5 23. f6 g5 24. hxg5 Qxg5 25. Ref1 Rf7 26. Qe2 h5 27. Rxe4
dxe4 28. Qxe4 Kh8 29. Rf5 Qg6 30. Qe5 1-0

[Event "I Weekend A"]
[Site "Novara ITA"]
[Date "2011.11.06"]
[Round "5"]
[White "Petrone, Gianmario"]
[Black "Guzzetti, Luigi Enrico"]
[Result "1/2-1/2"]
[WhiteElo "1937"]
[BlackElo "1928"]
[PlyCount "34"]
[EventDate "2011.11.04"]

1. e4 c5 2. Nf3 e6 3. d4 cxd4 4. Nxd4 a6 5. Nc3 Qc7 6. Bd3 Nf6 7. O-O Nc6 8.
Be3 Be7 9. Kh1 O-O 10. f4 d6 11. a4 e5 12. Nf3 b6 13. f5 Bb7 14. Bg5 Nd4 15.
Qe1 Rfe8 16. Qf2 Nxf3 17. Qxf3 Bc6 1/2-1/2

[Event "I Weekend A"]
[Site "Novara ITA"]
[Date "2011.11.06"]
[Round "5"]
[White "Venturino, Federico"]
[Black "D'Agostino, Maurizio"]
[Result "1-0"]
[WhiteElo "1867"]
[BlackElo "2044"]
[PlyCount "77"]
[EventDate "2011.11.04"]

1. d4 d5 2. c4 e5 3. dxe5 d4 4. Nf3 Nc6 5. a3 Nge7 6. b4 Ng6 7. Bb2 a5 8. b5
Ncxe5 9. Nxe5 Nxe5 10. Bxd4 Nxc4 11. e3 Be6 12. Qc2 Nd6 13. Bd3 Qg5 14. f4 Qh4+
15. Qf2 Qh5 16. Nc3 Be7 17. e4 O-O-O 18. O-O f6 19. Rfc1 Qf7 20. Ba7 Ne8 21.
Na4 Rxd3 22. Qe2 Rd7 23. Nb6+ Kd8 24. Nxd7 Bxd7 25. Rd1 b6 26. e5 Bc5+ 27. Kh1
Qe6 28. Qe4 Ke7 29. Qb7 f5 30. a4 Rf8 31. Bb8 h6 32. Rd3 Rf7 33. Bxc7 Bc8 34.
Bd6+ Kd8 35. Bxc5+ Rd7 36. Qxb6+ Qxb6 37. Bxb6+ Ke7 38. Rxd7+ Bxd7 39. Bxa5 1-0